00455 2200169 4500001002100000008004100021035002000062245006900082100002300151260003500174300000800209020001800217084001700235082000800252650001300260990001200273INLIS000000000000545 Ind  a0010-0924000003 aProsedur Penelitian Suatu Pendekatan PraktekcSuharsimi Arikunto aSuharsimi Arikunto aYogyakartabRineka Ciptac1993 a336 a979-518-018-5 a001.42 ARI p a000 aResearch a0000855